Which Footballer (Has)Scored the Most Career Goals - Statistics

General Stats
  • This quiz has been taken 254 times
  • The average score is 8 of 24
Answer Stats
Question Answer % Correct
Four greats at the tail end of their careers. Most Goals? Cristiano Ronaldo
94%
Most Goals? Pele
89%
Four more great strikers at the tail end of their careers. Most Goals? Luis Suarez
77%
Four great current strikers aged 30-34yrs. Most Goals? Robert Lewandowski
73%
Four great current strikers aged under 25. Most goals? Kylian Mbappe
65%
Four of the best strikers to come out of Eastern Europe. Most Goals? Andriy Shevchenko
61%
Most Goals? Thierry Henry
55%
Four of the best midfielders of recent times. Most Goals? Wesley Sneijder
40%
Most Goals? Gonzalo Higuaín
32%
Four of the greatest ever Italian strikers. Most Goals? Giuseppe Meazza
31%
Four of the best strikers to come out of Oceania. Most Goals? Mark Viduka
31%
Most goals? Samuel Eto'o
29%
Four of the best strikers in the Champions League in the late '90's and early 2000's. Most goals? Mario Jardel
23%
Four of the best British strikers of all time. Most Goals? Jimmy Greaves
21%
Four of the greatest Spanish strikers of all time. Most Goals? David Villa
19%
Four of the greatest strikers of all time. Most Goals? Ferenc Puskas
16%
All of these players won the Golden Boot at the FIFA World Cup. Most Career Goals? Sándor Kocsis
16%
Four of the greatest wingers of all time. Most Goals? Grzegorz Lato
13%
Four of the greatest strikers to ever play for Real Madrid. Most Career Goals? Hugo Sánchez
11%
Most Goals? Mario Kempes
8%
Most goals? Henrik Larsson
6%
Four of the best strikers to come out of North America. Most Goals? Jared Borgetti
6%
Four of the greatest defenders of all time, who could also score goals. Most Goals? Daniel Passarella
5%
Four great current strikers aged 25-29. Most Goals? Romelu Lukaku
5%
No matching quizzes found
Score Distribution
Percent of People with Each Score
Percentile by Number Answered
Your Score History
You have not taken this quiz